Devi's Miracles/ (Record no. 211320)
[ view plain ]
| 000 -LEADER | |
|---|---|
| fixed length control field | 00629nam a22002057a 4500 |
| 005 - DATE AND TIME OF LATEST TRANSACTION | |
| control field | 20250519120202.0 |
| 010 ## - LCCN (DPL NO) | |
| LC control number | ENG-144971 |
| 020 ## - INTERNATIONAL STANDARD BOOK NUMBER | |
| Terms of availability | 700.00 |
| International Standard Book Number | 9788184620849 |
| 035 ## - SYSTEM CONTROL NUMBER | |
| System control number | EN-128503 |
| 037 ## - SOURCE OF ACQUISITION | |
| Source of stock number/acquisition | DBAD |
| 082 ## - DEWEY DECIMAL CLASSIFICATION NUMBER | |
| Classification number | 294.5211 |
| Edition number | 1 |
| 100 ## - MAIN ENTRY--PERSONAL NAME | |
| Personal name | Nayak, Satyendra V. |
| 245 00 - TITLE STATEMENT | |
| Title | Devi's Miracles/ |
| Statement of responsibility, etc | Satyendra V. Nayak |
| 260 ## - PUBLICATION, DISTRIBUTION, ETC. (IMPRINT) | |
| Place of publication, distribution, etc | Mumbai |
| Name of publisher, distributor, etc | Vakils, Feffer and Simons |
| Date of publication, distribution, etc | 2014 |
| 270 ## - ADDRESS | |
| Address | Industry Manor, Appasaheb Marathe Marg, Prabhadevi, |
| City | Mumbai |
| Postal code | 400025 |
| 300 ## - PHYSICAL DESCRIPTION | |
| Extent | 326p. : |
| Dimensions | 24cm(hb) |
| Other physical details | ill. |
| 500 ## - GENERAL NOTE | |
| General note | Includes index |
| 650 ## - SUBJECT ADDED ENTRY--TOPICAL TERM | |
| Topical term or geographic name as entry element | Religious |
| 942 ## - ADDED ENTRY ELEMENTS (KOHA) | |
| Source of classification or shelving scheme | Dewey Decimal Classification |
| Item type | English Books |
| Call number suffix | NAY |
| Classification part | 294.5211 |
| Withdrawn status | Lost status | Not for loan | Collection code | Home library | Current library | Date acquired | Source of acquisition | Cost, normal purchase price | Full call number | Barcode | Copy number | Cost, replacement price | Koha item type |
|---|---|---|---|---|---|---|---|---|---|---|---|---|---|
| Non-fiction | Ashok Vihar | Ashok Vihar | 19/05/2025 | Delivery of Books Act Division | 700.00 | NAY 294.5211 | EN-128503 | 1 | 700.00 | English Books |
